Super Mario Bros. Enemies - Statistics

General Stats
  • This quiz has been taken 19 times
  • The average score is 5 of 12
Answer Stats
Hint Answer % Correct
Goomba
88%
Bowser
82%
Bowser Jr
82%
Koopa
82%
Boo
41%
Bullet Bill
35%
Spiny
35%
Dry Bone
29%
Hammer Bro
24%
Spike
18%
Bob-omb
6%
(In Super Mario Maker only) Sun
6%
No matching quizzes found
Score Distribution
Percent of People with Each Score
Percentile by Number Answered
Your Score History
You have not taken this quiz